| 000 | 00940nam a2200253 i 4500 | ||
|---|---|---|---|
| 999 |
_c200453235 _d71447 |
||
| 003 | TR-AnTOB | ||
| 005 | 20231130113130.0 | ||
| 007 | ta | ||
| 008 | 230602s1963 tu 000 0 tur d | ||
| 040 |
_aTR-AnTOB _beng _erda _cTR-AnTOB |
||
| 041 | _atur | ||
| 050 | 4 |
_aKKX1270 _b.Ç35 1963 |
|
| 090 |
_aTOBBK KKX1270 _b.Ç35 1963 |
||
| 245 | 0 | 0 | _aÇalışma bakanlığınca bakanlar kuruluna sevk edilen işçi ve işveren sendikaları kanunu tasarısı hakkındaki görüşlerimizin özeti. |
| 264 | 1 |
_aAnkara : _bTürkiye Ticaret Odaları, Sanayi Odaları ve Ticaret Borsaları Birliği, _c1963. |
|
| 300 |
_a6 pages ; _c24 cm |
||
| 336 |
_atext _btxt _2rdacontent |
||
| 337 |
_aunmediated _bn _2rdamedia |
||
| 338 |
_avolume _bnc _2rdacarrier |
||
| 650 | 0 |
_aİşçi hakları _zTürkiye _965335 |
|
| 710 | 2 |
_aTürkiye Ticaret Odaları, Sanayi Odaları ve Ticaret Borsaları Birliği _965593 |
|
| 942 |
_2lcc _cBK |
||